| 000 | 00821nam a2200253 i 4500 | ||
|---|---|---|---|
| 003 | EG-ScBUE | ||
| 005 | 20230607104810.0 | ||
| 008 | 200219s1977 enkab f 000 1 eng d | ||
| 020 | _a436148307 | ||
| 040 |
_aEG-ScBUE _beng _erda _cEG-ScBUE _dEG-ScBUE |
||
| 082 | 0 | 4 |
_a823.91 _222 _bERD |
| 100 | 1 |
_aErdman, Paul, _d1932-2007, _eauthor. |
|
| 245 | 1 | 4 |
_aThe crash of '79 / _cPaul E. Erdman. |
| 264 | 1 |
_aLondon : _bSecker and Warburg, _c1977. |
|
| 300 |
_a350 pages : _billustrations, maps ; _c23 cm |
||
| 336 |
_atext _2rdacontent _btxt |
||
| 337 |
_aunmediated _2rdamedia _bn |
||
| 338 |
_avolume _2rdacarrier _bnc |
||
| 650 | 7 |
_aFiction in English. _2BUEsh |
|
| 655 | _vReading book | ||
| 886 | 2 |
_2ukmarc _a900 _b10 _aErdman _hPaul E. _xSee _aErdman, Paul _z100 |
|
| 942 |
_2ddc _cBB |
||
| 999 |
_c30463 _d30434 |
||